Slovenský eko-poľnohospodársky a bio-potravinársky klaster

Zdravie obyvateľstva a dostatok kvalitných potravín. Ekologické poľnohospodárstvo a agro-eko- priemyselné parky. Slovenský eko-poľnohospodársky a bio-potravinársky kláster. Odporúčania pre slovenských poľnohospodárov.

Salvato in:
Dettagli Bibliografici
Autore principale: Mizera, Radoslav, 1982-
Natura: Capitolo di libro
Lingua:slovacco
Soggetti:
Tags: Aggiungi Tag
Nessun Tag, puoi essere il primo ad aggiungerne!!

MARC

LEADER 00000nla$a2200000$$$4500
001 0067456
005 20240502071817.8
041 0 |a slo 
044 |a SK 
245 1 0 |a Slovenský eko-poľnohospodársky a bio-potravinársky klaster  |c Radoslav Mizera 
520 |a Zdravie obyvateľstva a dostatok kvalitných potravín. Ekologické poľnohospodárstvo a agro-eko- priemyselné parky. Slovenský eko-poľnohospodársky a bio-potravinársky kláster. Odporúčania pre slovenských poľnohospodárov. 
610 2 0 |a bioprodukty 
610 2 0 |a biopriemysel 
610 2 0 |a biotechnológia 
610 2 0 |a výživa 
610 2 0 |a poľnohospodárstvo 
610 2 0 |a parky priemyselné 
610 2 0 |a klaster 
610 2 0 |a potraviny 
610 2 0 |a potravinárstvo 
610 2 0 |a zdravie 
100 1 |a Mizera, Radoslav, 1982-